Person of Interest Intro - Statistics

General Stats
  • This quiz has been taken 133 times
  • The average score is 66 of 96
Answer Stats
Answer % Correct
You
93%
you.
93%
you
93%
You
93%
you.
93%
a
91%
A
91%
a
91%
machine
91%
machine
91%
are
89%
I
89%
I
89%
I
89%
I
89%
I
89%
I
89%
The
88%
the
88%
the
88%
the
88%
the
88%
being
86%
watched.
86%
we
82%
find
81%
find
81%
every
79%
every
79%
government
79%
government
79%
to
79%
to
79%
day.
77%
has
77%
it.
77%
it
77%
that
77%
built
75%
know,
75%
of
75%
of
75%
secret
75%
secret.
75%
because
74%
will
74%
but
72%
But
72%
But
72%
on
72%
spies
72%
if
70%
your
70%
in
68%
or
68%
terror,
68%
act,
67%
everything.
67%
hour
65%
system.
65%
acts
63%
sees
63%
us.
63%
number's
61%
never
60%
victim
60%
designed
58%
up,
58%
by
54%
crimes
54%
Crimes
54%
perpetrator,
54%
needed
53%
people.
53%
People
53%
so
53%
we'll
53%
work
53%
detect
51%
irrelevant.
51%
like
49%
involving
47%
ordinary
47%
partner.
47%
authorities,
46%
Hunted
40%
Someone
40%
They
39%
with
39%
would.
37%
wouldn't
37%
decided
35%
intervene.
35%
skills
35%
Violent
35%
considered
32%
No matching quizzes found
Score Distribution
Percent of People with Each Score
Percentile by Number Answered
Your Score History
You have not taken this quiz